Statistiken für Tabellenendstand der Bundesligasaison 2020/2021

Klicken Sie hier um das Quiz zu spielen!

Allgemein

  • Dieses Quiz wurde 528 mal gespielt
  • Das Durchschnittsergebnis liegt bei 13 aus 18

Antwortstatistiken

PunkteVerein% Korrekt
178FC Bayern München
100%
364Borussia Dortmund
98%
265RB Leipzig
97%
560Eintracht Frankfurt
83%
461VfL Wolfsburg
83%
1816FC Schalke 04
81%
652Bayer 04 Leverkusen
79%
750Union Berlin
77%
1731Werder Bremen
77%
16331. FC Köln
69%
1435Hertha BSC
66%
12391. FSV Mainz 05
65%
1336FC Augsburg
65%
1045SC Freiburg
65%
849Borussia Mönchengladbach
63%
1143TSG Hoffenheim
62%
945VfB Stuttgart
61%
1535Arminia Bielefeld
57%

Verteilung der Resultate

Perzentil nach korrekt beantworteten Fragen

Anzahl Personen mit jedem Resultat

Ihre Resultats-Entwicklung

Sie haben dieses Quiz noch nicht gespielt